[Event "Copa Latinoamericana de Ajedrez 2011"]
[Site "Montevideo URU"]
[Date "2011.11.05"]
[Round "7.82"]
[White "De La Torre, Andres"]
[Black "Alsina, Ruben"]
[Result "0-1"]
[WhiteElo "2046"]
[BlackElo "1945"]
[PlyCount "70"]
[EventDate "2011.11.01"]
[EventType "swiss"]
[EventRounds "9"]
[EventCountry "URU"]
[Source "lmi"]
[SourceDate "2011.11.01"]

1. Nf3 d5 2. g3 c5 3. Bg2 Nf6 4. O-O Nc6 5. d3 e5 6. Re1 e4 7. dxe4 Nxe4 8.
Nbd2 f5 9. e3 Bd6 10. c4 Be6 11. cxd5 Bxd5 12. Nxe4 Bxe4 13. Qb3 Qf6 14. Bd2
O-O-O 15. Bc3 Ne5 16. Nxe5 Bxe5 17. Bxe5 Qxe5 18. Rac1 b6 19. Red1 Bxg2 20.
Kxg2 g5 21. Qc3 Qxc3 22. bxc3 b5 23. g4 fxg4 24. Kf1 Kc7 25. Ke2 Kc6 26. a3
Rhf8 27. Rxd8 Rxd8 28. Rd1 Rxd1 29. Kxd1 Kd5 30. Kd2 h5 31. Ke2 h4 32. Kd2 g3
33. fxg3 hxg3 34. hxg3 g4 35. Ke2 b4 0-1

[Event "Copa Latinoamericana de Ajedrez 2011"]
[Site "Montevideo URU"]
[Date "2011.11.05"]
[Round "7.83"]
[White "Villarreal, Julio"]
[Black "Tacoronte, Daniel"]
[Result "0-1"]
[WhiteElo "1942"]
[BlackElo "2187"]
[PlyCount "98"]
[EventDate "2011.11.01"]
[EventType "swiss"]
[EventRounds "9"]
[EventCountry "URU"]
[Source "lmi"]
[SourceDate "2011.11.01"]

1. Nf3 Nf6 2. d4 g6 3. Bf4 Bg7 4. e3 O-O 5. h4 h5 6. Bd3 d6 7. Ng5 Nc6 8. c3 e5
9. Bg3 Qe7 10. O-O Ng4 11. Re1 f6 12. Nh3 e4 13. Bc4+ Kh7 14. b4 Nh6 15. Nf4
Nf5 16. Nd2 Nxg3 17. fxg3 f5 18. a4 Nd8 19. Nd5 Qd7 20. Nb3 c6 21. Nf4 d5 22.
Be2 Qe7 23. Rf1 Bh6 24. Qe1 Nf7 25. Bd1 Nd6 26. Nd2 b6 27. Kh2 a5 28. b5 Bxf4
29. gxf4 cxb5 30. axb5 Nxb5 31. c4 Nc3 32. Bb3 Ba6 33. g3 Qb4 34. Nb1 Nxb1 35.
Qxb4 axb4 36. Rfxb1 dxc4 37. Ra4 cxb3 38. Rxb4 Bd3 39. R1xb3 Ra2+ 40. Kg1 b5
41. Rb2 Ra1+ 42. Kh2 Rc8 43. Rd2 Rcc1 44. g4 Rh1+ 45. Kg3 Rhg1+ 46. Rg2 hxg4
47. Rbb2 Rxg2+ 48. Kxg2 Bc4 49. d5 Rd1 0-1

[Event "Copa Latinoamericana de Ajedrez 2011"]
[Site "Montevideo URU"]
[Date "2011.11.05"]
[Round "7.84"]
[White "Rodriguez Farias, Eduardo"]
[Black "Orguim Da Silva, Joao Carlos"]
[Result "0-1"]
[WhiteElo "2015"]
[BlackElo "1932"]
[PlyCount "60"]
[EventDate "2011.11.01"]
[EventType "swiss"]
[EventRounds "9"]
[EventCountry "URU"]
[Source "lmi"]
[SourceDate "2011.11.01"]

1. e4 e5 2. Nf3 Nc6 3. Bb5 Nge7 4. O-O a6 5. Ba4 b5 6. Bb3 d6 7. Ng5 d5 8. exd5
Nd4 9. d6 Nxb3 10. axb3 cxd6 11. Nxf7 Kxf7 12. Qf3+ Bf5 13. g4 e4 14. Qf4 g5
15. Qxg5 h5 16. f3 Bh6 17. Qh4 hxg4 18. Qh5+ Bg6 19. Qxg4 Qb6+ 20. Kh1 e3 21.
dxe3 Bxe3 22. Bxe3 Qxe3 23. Nc3 Bf5 24. Qg2 Rhg8 25. Qf2 Qxf2 26. Rxf2 d5 27.
Rd1 Rad8 28. Rfd2 Rd6 29. Nxd5 Bxc2 30. Nxe7 Bxd1 0-1

[Event "Copa Latinoamericana de Ajedrez 2011"]
[Site "Montevideo URU"]
[Date "2011.11.05"]
[Round "7.85"]
[White "Campiglia, Guido"]
[Black "Hengles, Roberto Carlos"]
[Result "1/2-1/2"]
[WhiteElo "2011"]
[BlackElo "1927"]
[PlyCount "113"]
[EventDate "2011.11.01"]
[EventType "swiss"]
[EventRounds "9"]
[EventCountry "URU"]
[Source "lmi"]
[SourceDate "2011.11.01"]

1. e4 c5 2. Nc3 Nc6 3. f4 e6 4. Nf3 d5 5. d3 dxe4 6. Nxe4 Nf6 7. Be3 Nd5 8. Bd2
Be7 9. Be2 Qb6 10. Qc1 O-O 11. c4 Nf6 12. O-O Rd8 13. Kh1 Qc7 14. Bc3 Nd4 15.
Bxd4 cxd4 16. Ne5 Nxe4 17. dxe4 b6 18. Nd3 Ba6 19. b3 b5 20. cxb5 Qxc1 21. Nxc1
Bb7 22. Bd3 Rac8 23. Ne2 Ba3 24. Rab1 Rc3 25. Nxc3 dxc3 26. Rbd1 Bc5 27. Bc2
Rc8 28. Rd7 Ba8 29. Rfd1 Bb6 30. a4 f5 31. exf5 exf5 32. b4 Be4 33. R7d3 Bxd3
34. Rxd3 Bd8 35. Kg1 Be7 36. Rd4 Bf6 37. Rd6 Kf8 38. Kf1 Rc4 39. Rc6 Rxf4+ 40.
Ke2 Rxb4 41. Rc8+ Ke7 42. Rc7+ Kd6 43. Rxa7 Kc5 44. Rc7+ Kd4 45. Rd7+ Kc5 46.
Rc7+ Kd4 47. Rd7+ Kc5 48. Rc7+ Kb6 49. Rc6+ Ka7 50. Ra6+ Kb7 51. Bxf5 Rb2+ 52.
Kd1 Rd2+ 53. Kc1 Re2 54. Kd1 Rd2+ 55. Kc1 Re2 56. Kd1 Rd2+ 57. Kc1 1/2-1/2

[Event "Copa Latinoamericana de Ajedrez 2011"]
[Site "Montevideo URU"]
[Date "2011.11.05"]
[Round "7.86"]
[White "Marrero, Javier"]
[Black "Barandiaran, Gabriel"]
[Result "0-1"]
[WhiteElo "1924"]
[BlackElo "1945"]
[PlyCount "96"]
[EventDate "2011.11.01"]
[EventType "swiss"]
[EventRounds "9"]
[EventCountry "URU"]
[Source "lmi"]
[SourceDate "2011.11.01"]

1. Nf3 Nf6 2. b3 c5 3. Bb2 g6 4. c4 Bg7 5. g3 b6 6. Bg2 Bb7 7. d3 O-O 8. O-O d5
9. Nbd2 d4 10. a3 a5 11. Qc2 Qc7 12. e3 e5 13. exd4 exd4 14. b4 a4 15. b5 Nbd7
16. Rfe1 Ne8 17. Ne4 h6 18. Bc1 g5 19. h4 f5 20. Ned2 g4 21. Nh2 Nef6 22. Ndf1
Nh5 23. Bxb7 Qxb7 24. Re6 f4 25. Qe2 fxg3 26. fxg3 Ndf6 27. Nxg4 Nxg4 28. Qxg4
Rxf1+ 29. Kxf1 Qh1+ 30. Ke2 Rf8 31. Kd2 Rf2+ 32. Re2 Rxe2+ 33. Kxe2 Qg2+ 34.
Kd1 Nxg3 35. Rb1 h5 36. Qe6+ Kh7 37. Rb2 Qh1+ 38. Qe1 Qxh4 39. Rg2 Be5 40. Kc2
Qh3 41. Qd2 Nf5 42. Qg5 Bg3 43. Re2 Qf1 44. Qxh5+ Kg7 45. Qg4+ Kf7 46. Qh5+ Kg7
47. Qg4+ Kf7 48. Qe4 Ne3+ 0-1

[Event "Copa Latinoamericana de Ajedrez 2011"]
[Site "Montevideo URU"]
[Date "2011.11.05"]
[Round "7.87"]
[White "Ferrari, Carlos"]
[Black "Guelvenzu, Esteban"]
[Result "1-0"]
[WhiteElo "1888"]
[BlackElo "1861"]
[PlyCount "41"]
[EventDate "2011.11.01"]
[EventType "swiss"]
[EventRounds "9"]
[EventCountry "URU"]
[Source "lmi"]
[SourceDate "2011.11.01"]

1. e4 d6 2. d4 Nf6 3. Nc3 g6 4. f4 Bg7 5. Nf3 Bg4 6. e5 dxe5 7. fxe5 Nd5 8. Bc4
e6 9. O-O O-O 10. Ne4 h6 11. Bb3 b5 12. c3 Nd7 13. Qe1 Bf5 14. Ng3 Bd3 15. Rf2
c5 16. Bxd5 exd5 17. Qe3 c4 18. Ne1 Bf5 19. Rxf5 gxf5 20. Nxf5 Qg5 21. Qh3 1-0

[Event "Copa Latinoamericana de Ajedrez 2011"]
[Site "Montevideo URU"]
[Date "2011.11.05"]
[Round "7.88"]
[White "Urrestarazu, Diego"]
[Black "Piñero, Ismael"]
[Result "1-0"]
[WhiteElo "1955"]
[BlackElo "1874"]
[PlyCount "53"]
[EventDate "2011.11.01"]
[EventType "swiss"]
[EventRounds "9"]
[EventCountry "URU"]
[Source "lmi"]
[SourceDate "2011.11.01"]

1. c4 Nf6 2. Nc3 g6 3. d4 Bg7 4. e4 d6 5. f3 O-O 6. Be3 e5 7. Nge2 exd4 8. Nxd4
Nc6 9. Nxc6 bxc6 10. Qd2 Be6 11. Rd1 Qb8 12. Be2 Qb4 13. Nb1 c5 14. O-O Qxd2
15. Rxd2 Nd7 16. Na3 Rab8 17. Nb5 Rb7 18. b3 a6 19. Na3 Ne5 20. f4 Bh6 21. Nc2
Ng4 22. Bxg4 Bxg4 23. f5 Bxe3+ 24. Nxe3 gxf5 25. exf5 Bh5 26. g4 Re8 27. Nd5
1-0

[Event "Copa Latinoamericana de Ajedrez 2011"]
[Site "Montevideo URU"]
[Date "2011.11.05"]
[Round "7.89"]
[White "Martinez, Carlos"]
[Black "Fernandez, Carlos"]
[Result "1/2-1/2"]
[WhiteElo "1882"]
[BlackElo "1865"]
[PlyCount "127"]
[EventDate "2011.11.01"]
[EventType "swiss"]
[EventRounds "9"]
[EventCountry "URU"]
[Source "lmi"]
[SourceDate "2011.11.01"]

1. e4 c5 2. Nf3 d6 3. d4 cxd4 4. Nxd4 a6 5. Be3 Nf6 6. Nc3 e5 7. Nb3 Be7 8. Nd5
Nxd5 9. Qxd5 Nc6 10. Qd2 Be6 11. Rd1 O-O 12. Be2 Rc8 13. c3 b5 14. O-O Qc7 15.
f4 exf4 16. Bxf4 Ne5 17. Nd4 Bc4 18. Nf5 Rfd8 19. Nxe7+ Qxe7 20. Bg5 f6 21. Bh4
Bxe2 22. Qxe2 Ng6 23. Bg3 d5 24. Rfe1 dxe4 25. Rxd8+ Rxd8 26. Qxe4 Qxe4 27.
Rxe4 Rd1+ 28. Kf2 Kf7 29. a3 f5 30. Re1 Rxe1 31. Kxe1 f4 32. Bf2 Ne5 33. Kd2
Nc4+ 34. Kc2 Ke6 35. b3 Nd6 36. Kd3 Kd5 37. Bd4 g6 38. a4 h5 39. axb5 axb5 40.
Bf6 Ke6 41. Bg5 Kf5 42. h4 Ke5 43. c4 bxc4+ 44. bxc4 Nf5 45. Kc3 Ne3 46. g3
Nd1+ 47. Kd2 Nf2 48. Bxf4+ Ke4 49. c5 Kd5 50. Bd6 Ne4+ 51. Ke3 Nxd6 52. cxd6
Kxd6 53. Kf4 Ke7 54. Kg5 Kf7 55. Kh6 Kf6 56. Kh7 Kf7 57. Kh8 Kf6 58. Kg8 g5 59.
Kh7 gxh4 60. gxh4 Kf7 61. Kh6 Kg8 62. Kxh5 Kh7 63. Kg5 Kg7 64. h5 1/2-1/2

[Event "Copa Latinoamericana de Ajedrez 2011"]
[Site "Montevideo URU"]
[Date "2011.11.05"]
[Round "7.90"]
[White "Homrich Moritz, Diego"]
[Black "Ibañez, Marcelo"]
[Result "1/2-1/2"]
[WhiteElo "1793"]
[BlackElo "1854"]
[PlyCount "65"]
[EventDate "2011.11.01"]
[EventType "swiss"]
[EventRounds "9"]
[EventCountry "URU"]
[Source "lmi"]
[SourceDate "2011.11.01"]

1. d4 Nf6 2. Nf3 g6 3. c4 Bg7 4. Nc3 O-O 5. e4 d6 6. Be2 Nbd7 7. O-O Re8 8. Qc2
e5 9. d5 c6 10. dxc6 bxc6 11. Rd1 Qc7 12. Qd3 d5 13. cxd5 cxd5 14. Nxd5 Nxd5
15. Qxd5 Rb8 16. b3 Nf6 17. Qc4 Qxc4 18. Bxc4 Nxe4 19. Bb2 Bg4 20. h3 Bxf3 21.
gxf3 Ng5 22. Rd7 e4 23. Bxg7 Kxg7 24. fxe4 Rxe4 25. Kg2 Rb6 26. f3 Rf4 27. Rf1
a6 28. Kg3 Rff6 29. h4 Ne6 30. Re1 h5 31. Re5 Kf8 32. Ra5 Ke8 33. Ra7 1/2-1/2

[Event "Copa Latinoamericana de Ajedrez 2011"]
[Site "Montevideo URU"]
[Date "2011.11.05"]
[Round "7.91"]
[White "De Leon, Patricia"]
[Black "Dominguez, Facundo"]
[Result "1-0"]
[WhiteElo "1800"]
[BlackElo "1786"]
[PlyCount "53"]
[EventDate "2011.11.01"]
[EventType "swiss"]
[EventRounds "9"]
[EventCountry "URU"]
[Source "lmi"]
[SourceDate "2011.11.01"]

1. d4 Nf6 2. c4 e6 3. Nf3 d5 4. Nc3 Nc6 5. Bg5 Be7 6. e3 dxc4 7. Bxc4 Nd5 8.
Bxe7 Ncxe7 9. O-O O-O 10. e4 Nb6 11. Bb3 Ng6 12. Rc1 a6 13. Qe2 Qe7 14. Rfd1 e5
15. d5 Bg4 16. h3 Nf4 17. Qe3 Bxf3 18. Qxf3 Kh8 19. Ne2 f5 20. Nxf4 fxe4 21.
Ng6+ hxg6 22. Qxe4 Qf6 23. f3 Nd7 24. Rxc7 Qb6+ 25. Kh2 Qxc7 26. Qh4+ Kg8 27.
d6+ 1-0

[Event "Copa Latinoamericana de Ajedrez 2011"]
[Site "Montevideo URU"]
[Date "2011.11.05"]
[Round "7.92"]
[White "Ligato, Guillermo"]
[Black "Dias Ibañez, Jorge Livi"]
[Result "0-1"]
[WhiteElo "1789"]
[BlackElo "1751"]
[PlyCount "96"]
[EventDate "2011.11.01"]
[EventType "swiss"]
[EventRounds "9"]
[EventCountry "URU"]
[Source "lmi"]
[SourceDate "2011.11.01"]

1. Nf3 Nc6 2. b3 d5 3. h3 Nf6 4. Bb2 Bf5 5. d3 e6 6. a3 Bc5 7. Nh4 Bg6 8. Nxg6
fxg6 9. Nd2 O-O 10. Nf3 Qe7 11. b4 Bb6 12. e3 e5 13. b5 Ba5+ 14. c3 Nd8 15. Qa4
b6 16. Qb3 Nf7 17. O-O-O Rac8 18. Kb1 c5 19. c4 d4 20. e4 Nh5 21. Bc1 Ra8 22.
Be2 a6 23. bxa6 Rxa6 24. Nh2 Nf4 25. Bf1 Rb8 26. g3 Ne6 27. f4 Qd7 28. Qb5 Qb7
29. f5 Nd6 30. fxe6 Nxb5 31. cxb5 Ra7 32. Ng4 Qc7 33. h4 Qd6 34. Bh3 Rba8 35.
Rhf1 Bc3 36. Nxe5 Qxe5 37. Bf4 Qh5 38. g4 Qxh4 39. Rf3 Qe7 40. g5 Rxa3 41. Kc2
Ra2+ 42. Kb3 Rb2+ 43. Kc4 Qd8 44. Bd6 Qxd6 45. Rf8+ Kxf8 46. Rf1+ Kg8 47. Rf8+
Kxf8 48. e7+ Kxe7 0-1

[Event "Copa Latinoamericana de Ajedrez 2011"]
[Site "Montevideo URU"]
[Date "2011.11.05"]
[Round "7.93"]
[White "Zecharies, Alexis"]
[Black "De San Vicente, Sabrina"]
[Result "1-0"]
[WhiteElo "1697"]
[BlackElo "1779"]
[PlyCount "87"]
[EventDate "2011.11.01"]
[EventType "swiss"]
[EventRounds "9"]
[EventCountry "URU"]
[Source "lmi"]
[SourceDate "2011.11.01"]

1. e4 e5 2. Nf3 Nf6 3. Nxe5 d6 4. Nxf7 Kxf7 5. d4 Be6 6. Nc3 Be7 7. f4 Kg8 8.
Bd3 c5 9. Be3 c4 10. Be2 d5 11. f5 Bf7 12. e5 Ne4 13. Nxe4 dxe4 14. e6 Qa5+ 15.
Qd2 Qxf5 16. exf7+ Qxf7 17. d5 Bd6 18. Bxc4 Qf6 19. Bd4 Qh4+ 20. Qf2 Qxf2+ 21.
Kxf2 Kf7 22. Ke3 Re8 23. Rhf1+ Kg6 24. g3 a6 25. Be2 Nd7 26. Bg4 Nf6 27. Bf5+
Kh6 28. Bxf6 gxf6 29. Bd7 Rf8 30. Kxe4 Be5 31. Rab1 Rad8 32. Be6 Rd6 33. c4 b6
34. b4 Rb8 35. Rb3 Kg7 36. Rfb1 Rdd8 37. c5 bxc5 38. bxc5 Ra8 39. Rb7+ Kh6 40.
Kf5 a5 41. c6 Ra6 42. c7 Bxc7 43. Rxc7 Rad6 44. Rbb7 1-0

[Event "Copa Latinoamericana de Ajedrez 2011"]
[Site "Montevideo URU"]
[Date "2011.11.05"]
[Round "7.94"]
[White "Lopez Durand, Cesar"]
[Black "Zoppolo, Cedric"]
[Result "1-0"]
[WhiteElo "1758"]
[BlackElo "1744"]
[PlyCount "63"]
[EventDate "2011.11.01"]
[EventType "swiss"]
[EventRounds "9"]
[EventCountry "URU"]
[Source "lmi"]
[SourceDate "2011.11.01"]

1. d4 Nf6 2. Bf4 d5 3. Nf3 Nc6 4. e3 g6 5. h4 Nh5 6. Bh2 Bg4 7. Be2 e6 8. c3
Bxf3 9. Bxf3 Qxh4 10. Bxh5 gxh5 11. Nd2 Rg8 12. Qf3 Rg7 13. O-O-O O-O-O 14.
Bxc7 Qg4 15. Bxd8 Kxd8 16. Rxh5 Qxg2 17. Qxg2 Rxg2 18. Rxh7 Rxf2 19. Rf1 Rxf1+
20. Nxf1 Ke8 21. Kd2 b5 22. Kd3 b4 23. c4 a5 24. cxd5 b3 25. axb3 Nb4+ 26. Kc4
Nxd5 27. e4 Nf6 28. Rh4 Be7 29. Nd2 Bb4 30. Nf3 Ke7 31. Ne5 Be1 32. Rf4 1-0

[Event "Copa Latinoamericana de Ajedrez 2011"]
[Site "Montevideo URU"]
[Date "2011.11.05"]
[Round "7.95"]
[White "Pesuto, Nicolas"]
[Black "Pintos, Luis"]
[Result "1-0"]
[WhiteElo "1755"]
[BlackElo "1567"]
[PlyCount "107"]
[EventDate "2011.11.01"]
[EventType "swiss"]
[EventRounds "9"]
[EventCountry "URU"]
[Source "lmi"]
[SourceDate "2011.11.01"]

1. e4 e5 2. Nf3 Nc6 3. Bc4 d6 4. d3 Be7 5. Be3 Nf6 6. h3 O-O 7. Nbd2 a6 8. Qe2
b5 9. Bb3 Na5 10. O-O-O Nxb3+ 11. Nxb3 c5 12. Nh2 d5 13. Bxc5 Bxc5 14. Nxc5 Qb6
15. Nb3 d4 16. f4 exf4 17. Qf2 Rd8 18. Qxf4 Be6 19. Rhf1 a5 20. Kd2 a4 21. Nc1
Rac8 22. c3 dxc3+ 23. bxc3 Qa5 24. Ne2 b4 25. cxb4 Qxb4+ 26. Ke3 Bxa2 27. Qe5
Bb3 28. Ra1 Rc2 29. Nf3 Qb6+ 30. Ned4 Rc6 31. Rfc1 Rxc1 32. Rxc1 Be6 33. Qc5
Qb2 34. Rc2 Qa1 35. Nxe6 fxe6 36. Qc3 Qb1 37. Qb2 Qxb2 38. Rxb2 Nd7 39. Ra2 Nc5
40. d4 Nb3 41. Rxa4 Rb8 42. Ra6 Kf7 43. Ne5+ Kg8 44. Rxe6 h6 45. Rc6 Na5 46.
Rc3 Nb7 47. Rb3 g5 48. Nd7 Rc8 49. Rxb7 Rc3+ 50. Kf2 Rc2+ 51. Kg3 Rc3+ 52. Kg4
Rc2 53. Nf6+ Kh8 54. Rh7# 1-0

[Event "Copa Latinoamericana de Ajedrez 2011"]
[Site "Montevideo URU"]
[Date "2011.11.05"]
[Round "7.96"]
[White "Tramutolo, Gustavo"]
[Black "Dabraccio, Guillermo"]
[Result "0-1"]
[WhiteElo "1636"]
[BlackElo "1729"]
[PlyCount "94"]
[EventDate "2011.11.01"]
[EventType "swiss"]
[EventRounds "9"]
[EventCountry "URU"]
[Source "lmi"]
[SourceDate "2011.11.01"]

1. e4 e6 2. d4 d5 3. Nc3 Bb4 4. e5 c5 5. Qg4 Ne7 6. a3 Qa5 7. Bd2 cxd4 8. Qxd4
Nbc6 9. Bb5 O-O 10. Bxc6 Nxc6 11. Qf4 d4 12. Ne4 Bxd2+ 13. Nxd2 Qxe5+ 14. Qxe5
Nxe5 15. Ngf3 Nc6 16. O-O-O e5 17. Ne4 b6 18. h3 Ba6 19. Rhe1 Rad8 20. b4 f5
21. Neg5 Rfe8 22. g4 h6 23. gxf5 hxg5 24. Nxg5 Bc8 25. b5 Na5 26. Nf3 Nc4 27.
Nxd4 exd4 28. Rxe8+ Rxe8 29. a4 Bxf5 30. Rxd4 Re1+ 31. Rd1 Rxd1+ 32. Kxd1 Bxh3
33. Ke2 Kf7 34. c3 Bf5 35. f4 Bc2 36. Kf3 Bxa4 37. Ke4 Bxb5 38. Kd4 a5 39. Kd3
a4 40. Kc2 Kf6 41. Kb1 Kf5 42. Ka2 Kxf4 43. Kb1 a3 44. Ka2 Ba4 45. Kb1 Bb3 46.
Ka1 g5 47. Kb1 g4 0-1

[Event "Copa Latinoamericana de Ajedrez 2011"]
[Site "Montevideo URU"]
[Date "2011.11.05"]
[Round "7.97"]
[White "Garcia, Cristian Javier"]
[Black "Ortiz, Soledad"]
[Result "0-1"]
[WhiteElo "2053"]
[BlackElo "1723"]
[PlyCount "114"]
[EventDate "2011.11.01"]
[EventType "swiss"]
[EventRounds "9"]
[EventCountry "URU"]
[Source "lmi"]
[SourceDate "2011.11.01"]

1. Nf3 Nf6 2. c4 c5 3. Nc3 d5 4. d4 cxd4 5. Nxd4 dxc4 6. Qa4+ Bd7 7. Qxc4 a6 8.
Bf4 b5 9. Qb3 Nc6 10. Nxc6 Bxc6 11. Rd1 Qa5 12. e3 g6 13. f3 Bg7 14. Be5 O-O
15. Be2 Rfd8 16. O-O e6 17. Rd6 Rxd6 18. Bxd6 Nd5 19. Ne4 Rd8 20. Bc5 Nf6 21.
Bb4 Qb6 22. Bc5 Qb7 23. Nxf6+ Bxf6 24. Qb4 Rd7 25. Bd1 Qc7 26. Bb3 Qd8 27. Qg4
Bd5 28. Qb4 Bxb3 29. Qxb3 Rd2 30. Ba3 Qd3 31. Qxd3 Rxd3 32. e4 Bd4+ 33. Kh1 Rd2
34. Rb1 a5 35. Be7 Rxb2 36. Rxb2 Bxb2 37. Kg1 Bc3 38. Kf1 f5 39. exf5 exf5 40.
Ke2 Kf7 41. Bd8 a4 42. Kd3 Be5 43. h3 Ke6 44. Ba5 Kd5 45. Bd2 Kc5 46. g4 b4 47.
f4 Bg7 48. Be3+ Kb5 49. Ba7 b3 50. axb3 axb3 51. Kd2 Kc4 52. Kc1 Kd3 53. gxf5
gxf5 54. Bb8 Bh6 55. Kb2 Ke4 56. Kxb3 Bxf4 57. Ba7 Be3 0-1

[Event "Copa Latinoamericana de Ajedrez 2011"]
[Site "Montevideo URU"]
[Date "2011.11.05"]
[Round "7.100"]
[White "Rodriguez Bernardo, Pablo"]
[Black "Milan, Julio"]
[Result "0-1"]
[WhiteElo "2209"]
[BlackElo "1682"]
[PlyCount "115"]
[EventDate "2011.11.01"]
[EventType "swiss"]
[EventRounds "9"]
[EventCountry "URU"]
[Source "lmi"]
[SourceDate "2011.11.01"]

1. d4 Nf6 2. c4 c5 3. d5 b5 4. cxb5 a6 5. f3 axb5 6. e4 c4 7. e5 Ng8 8. Na3 Ba6
9. Bd2 e6 10. d6 f6 11. f4 Nc6 12. Nf3 Nh6 13. Nc2 fxe5 14. fxe5 Nf7 15. Bc3 g6
16. g3 Bh6 17. Bg2 Rb8 18. a3 Bb7 19. O-O O-O 20. Qe2 Ng5 21. Nfd4 Nxd4 22.
Rxf8+ Bxf8 23. Bxd4 Bxg2 24. Qxg2 Qc8 25. h4 Nf7 26. Rf1 Bg7 27. Qe4 Qb7 28.
Qxb7 Rxb7 29. Re1 Rb8 30. Nb4 Rf8 31. Na6 Nxd6 32. Nc5 Nf5 33. Kg2 Nxd4 34.
Nxd7 Rf7 35. Nc5 Bh6 36. Re4 Nc6 37. a4 bxa4 38. Rxc4 Nxe5 39. Rxa4 Rf6 40. b4
Be3 41. Ne4 Rf8 42. Ra6 Kf7 43. Ra1 Rb8 44. b5 Nc4 45. Ra4 Nd2 46. Nc3 e5 47.
Nd5 Bd4 48. Ra2 Rxb5 49. Nc7 Rb2 50. Rxb2 Bxb2 51. Nd5 Ke6 52. Ne3 e4 53. g4
Bd4 54. Nd1 Ke5 55. Kg3 Nf1+ 56. Kh3 Kf4 57. h5 g5 58. Kg2 0-1

[Event "Copa Latinoamericana de Ajedrez 2011"]
[Site "Montevideo URU"]
[Date "2011.11.05"]
[Round "7.101"]
[White "Britos, Alejandro"]
[Black "Dos Santos, Jonathan"]
[Result "0-1"]
[WhiteElo "2052"]
[BlackElo "1820"]
[PlyCount "72"]
[EventDate "2011.11.01"]
[EventType "swiss"]
[EventRounds "9"]
[EventCountry "URU"]
[Source "lmi"]
[SourceDate "2011.11.01"]

1. e4 e6 2. f4 d5 3. Qe2 dxe4 4. Qxe4 Nf6 5. Qf3 Bd6 6. d4 Nc6 7. Ne2 b6 8.
Qxc6+ Bd7 9. Qf3 c5 10. Be3 Nd5 11. Nbc3 Nb4 12. Rc1 c4 13. a3 Nc6 14. g3 O-O
15. Bg2 a6 16. O-O Rc8 17. Rcd1 Re8 18. d5 Na5 19. dxe6 Rxe6 20. Bd4 Nc6 21. f5
Nxd4 22. Nxd4 Rf6 23. g4 Bc5 24. Nce2 Qc7 25. Kh1 Rh6 26. h3 Re8 27. c3 Qd8 28.
Ne6 fxe6 29. fxe6 Rf8 30. Qd5 Rxf1+ 31. Rxf1 Rxe6 32. Nf4 Qc8 33. Re1 Kf7 34.
Nxe6 Bxe6 35. Qxe6+ Qxe6 36. Bd5 Qxd5+ 0-1

[Event "Copa Latinoamericana de Ajedrez 2011"]
[Site "Montevideo URU"]
[Date "2011.11.05"]
[Round "7.102"]
[White "Avedisian, Alexander"]
[Black "Baes, Diego"]
[Result "1-0"]
[WhiteElo "1965"]
[BlackElo "1377"]
[PlyCount "145"]
[EventDate "2011.11.01"]
[EventType "swiss"]
[EventRounds "9"]
[EventCountry "URU"]
[Source "lmi"]
[SourceDate "2011.11.01"]

1. e4 c5 2. Nf3 d6 3. Bb5+ Bd7 4. Bxd7+ Nxd7 5. c4 Ngf6 6. Nc3 e6 7. d4 cxd4 8.
Qxd4 Be7 9. O-O a6 10. Be3 O-O 11. Rfd1 Qc7 12. Rac1 Rfd8 13. b3 Nc5 14. e5
dxe5 15. Qxe5 Rxd1+ 16. Rxd1 Qxe5 17. Nxe5 Nfe4 18. Nxe4 Nxe4 19. f3 Nd6 20.
Bb6 Nc8 21. Rd7 Bf6 22. Bd4 Rb8 23. f4 b6 24. Kf1 Ne7 25. Bxb6 Bxe5 26. fxe5
Nc6 27. Bc7 Rb7 28. a3 f5 29. b4 h5 30. h4 Kh7 31. b5 axb5 32. cxb5 Rxb5 33.
Rd6 Rb1+ 34. Ke2 Rb2+ 35. Rd2 Rb5 36. a4 Rc5 37. Bd6 Rc4 38. Ra2 Na5 39. g3 Kh6
40. Kf3 g5 41. hxg5+ Kxg5 42. Be7+ Kg6 43. Bd8 Rc3+ 44. Kg2 Rc5 45. Bxa5 Rxa5
46. Kf3 Kg5 47. Ra3 h4 48. gxh4+ Kxh4 49. Kf4 Kh5 50. Ra1 Kg6 51. Ra3 Kf7 52.
Ra1 Ke7 53. Ra3 Kd7 54. Ra1 Kc6 55. Rc1+ Kd5 56. Rd1+ Kc4 57. Rd6 Kc3 58. Rxe6
Rxa4+ 59. Kxf5 Ra5 60. Rd6 Kc4 61. Kf6 Kc5 62. Rd7 Kc6 63. e6 Ra3 64. Kf7 Rf3+
65. Ke8 Rh3 66. Rf7 Kd6 67. e7 Rh8+ 68. Rf8 Rh7 69. Rf6+ Kc7 70. Kf8 Rh8+ 71.
Kf7 Kd7 72. Rh6 Ra8 73. Re6 1-0

[Event "Copa Latinoamericana de Ajedrez 2011"]
[Site "Montevideo URU"]
[Date "2011.11.05"]
[Round "7.103"]
[White "Pos, Marcos"]
[Black "Lopes da Luz, Paulo"]
[Result "1-0"]
[WhiteElo "1931"]
[BlackElo "1798"]
[PlyCount "65"]
[EventDate "2011.11.01"]
[EventType "swiss"]
[EventRounds "9"]
[EventCountry "URU"]
[Source "lmi"]
[SourceDate "2011.11.01"]

1. e4 c5 2. Nf3 e6 3. d4 cxd4 4. Nxd4 Nf6 5. Nc3 Bb4 6. Bd3 d6 7. O-O O-O 8.
Bg5 a6 9. Qf3 Nbd7 10. Rfd1 Qc7 11. Nce2 b5 12. Bxf6 Nxf6 13. Rac1 Bb7 14. Ng3
Rac8 15. c4 Qb6 16. Nde2 Nd7 17. cxb5 Ne5 18. Qh5 Bc5 19. Nh1 axb5 20. Bb1 g6
21. Qh4 Kg7 22. Nc3 h5 23. h3 Bc6 24. Qf4 b4 25. Ne2 Qb7 26. Rxc5 f5 27. Rxd6
Nd3 28. Rxd3 Bxe4 29. Qe5+ Kh7 30. Re3 Qd7 31. Bxe4 fxe4 32. Rxc8 Rxc8 33. Qxe4
1-0

[Event "Copa Latinoamericana de Ajedrez 2011"]
[Site "Montevideo URU"]
[Date "2011.11.05"]
[Round "7.104"]
[White "Quevedo, Andreina"]
[Black "Alvarez, Miguel"]
[Result "1-0"]
[WhiteElo "1530"]
[BlackElo "1932"]
[PlyCount "121"]
[EventDate "2011.11.01"]
[EventType "swiss"]
[EventRounds "9"]
[EventCountry "URU"]
[Source "lmi"]
[SourceDate "2011.11.01"]

1. e4 Nf6 2. e5 Nd5 3. c4 Nb6 4. d4 d6 5. Nf3 Bg4 6. exd6 cxd6 7. Be3 Nc6 8.
Nbd2 g6 9. Be2 Bg7 10. O-O O-O 11. h3 Bf5 12. Nb3 Rc8 13. Rc1 d5 14. c5 Nd7 15.
Qd2 Nf6 16. Bh6 Ne4 17. Qe3 Re8 18. Bxg7 Kxg7 19. Nfd2 Qd7 20. Nxe4 dxe4 21.
Rfd1 Nb4 22. a3 Nd5 23. Qg3 h6 24. Bc4 e6 25. Re1 g5 26. Nd2 Nf4 27. Nxe4 Bxe4
28. Rxe4 Ng6 29. Rd1 Red8 30. b4 a5 31. Bb3 axb4 32. axb4 Qb5 33. Qc3 Kg8 34.
Qc4 Qc6 35. d5 exd5 36. Rxd5 Qf6 37. Rxd8+ Rxd8 38. Qb5 Rd2 39. Re2 Rxe2 40.
Qxe2 Nf4 41. Qe8+ Kg7 42. Qd7 Ne2+ 43. Kf1 Ng3+ 44. Kg1 Ne2+ 45. Kf1 Ng3+ 46.
Ke1 Qe5+ 47. Kd1 Qa1+ 48. Kc2 Qf6 49. fxg3 Qf2+ 50. Qd2 Qf5+ 51. Kc3 Qf1 52.
Qd4+ Kg8 53. Bxf7+ Kf8 54. Bb3 Qc1+ 55. Bc2 Qa1+ 56. Kc4 Qa2+ 57. Bb3 Qe2+ 58.
Qd3 Qe6+ 59. Kc3 Qe5+ 60. Kc2 Qe1 61. Qf5+ 1-0

[Event "Copa Latinoamericana de Ajedrez 2011"]
[Site "Montevideo URU"]
[Date "2011.11.05"]
[Round "7.105"]
[White "Nacelle, Daniel"]
[Black "Rijo, Pedro"]
[Result "1-0"]
[WhiteElo "1860"]
[BlackElo "1585"]
[PlyCount "43"]
[EventDate "2011.11.01"]
[EventType "swiss"]
[EventRounds "9"]
[EventCountry "URU"]
[Source "lmi"]
[SourceDate "2011.11.01"]

1. d4 d5 2. c4 e6 3. Nc3 Nf6 4. Bg5 h6 5. Bh4 Be7 6. e3 Nc6 7. Nf3 O-O 8. Rc1
Bd7 9. Bxf6 Bxf6 10. cxd5 exd5 11. Nxd5 Re8 12. Nxf6+ Qxf6 13. Be2 Rad8 14. O-O
Re7 15. Qb3 b6 16. Rc3 Na5 17. Qc2 c6 18. Ne5 Re6 19. Bf3 Rc8 20. Nxd7 Qg5 21.
Ne5 c5 22. Bg4 1-0